Normal view MARC view
  • Prakash, Shamsher.

Entry Personal Name

Number of records used in: 6

001 - CONTROL NUMBER

  • control field: 26807

003 - CONTROL NUMBER IDENTIFIER

  • control field: NUST

005 - DATE AND TIME OF LATEST TRANSACTION

  • control field: 20191212113930.0

008 - FIXED-LENGTH DATA ELEMENTS

  • fixed length control field: 191212|| aca||aabn | a|a d

040 ## - CATALOGING SOURCE

  • Original cataloging agency: NUST
  • Transcribing agency: NUST

100 ## - HEADING--PERSONAL NAME

  • Personal name: Prakash, Shamsher.

670 ## - SOURCE DATA FOUND

  • Source citation: Work cat.: (NUST): Prakash, Shamsher., Pile foundations in engineering practice /, c1990.
© 2023 Central Library, National University of Sciences and Technology. All Rights Reserved.